01520cam a2200265Ia 4500001001200000003000200012005001700014008004100031020001500072035000900087040002900096111009200125245037700217260014300594300002900737490003200766500004000798500011400838504004100952650004700993710008501040710005201125710004201177830003501219ocm19407913020230123133243.0890321s1989 enka b 100 0 eng d a085298684X bH130 aEYGcNUSTdPITdIXAdOCL2 aInternational Conference: Pipework Engineering and Operationd(1989 :cLondon, England)10aPipework engineering and operation :bProceedings of the Institution of Mechanical Engineers 21-22 February 1989, Birdcage Walk, London /cInternational Conference: Pipework Engineering and Operation ; sponsored by the Power Industries Division of the Institution of Mechanical Engineers ; co-sponsored by Institution of Chemical Engineers, Society of Petroleum Engineers. aBury St. Edmunds, Suffolk :bPublished for the Institution of Mechanical Engineers by Mechanical Engineering Publications Limited,cc1989. a326 p. :bill. ;c30 cm.1 aIMechE conference ;v1989-1 a"MEP-319"--Label on leaf ff. cover. a"International Conference on 'Pipework Engineering and Operation', held during February 1989"--P. 4 of cover. aIncludes bibliographical references. 0aPipexDesign and constructionvCongresses.2 aInstitution of Mechanical Engineers (Great Britain).bPower Industries Division.2 aInstitute of Chemical Engineers (Great Britain)2 aSociety of Petroleum Engineers (U.K.) 0aI Mech E conference ;v1989-1.